000 00969nam a2200217 a 4500
001 000027587
005 20200930030938.0
008 110401s2004 dr 000 0 spa d
020 _a9945000209
040 _aDO-SdBNP
_bspa
_cBNPHU
082 _axxxx
_bM662m
100 1 _aMimenza Aurrecoechea, Ander
_954670
245 1 0 _aMarketing táctico /
_cAnder Mimenza Aurrecoechea.
260 _aSanto Domingo :
_bAlianza ONG, Programa de fortalecimiento de capacidades de organizaciones sin fines de lucro en gestión, marketing y tecnologías de la información :
_bW. K. Kellogg Foundation,
_c2004.
300 _a2 v. ;
_c23 cm.
490 1 _aManuales para el fortalecimiento de organizaciones sin fines de lucro
_vno. 7-8
504 _aIncluye referencias bibliográficas al final de cada volumen
505 2 _aMarketing tático 1 -- Marketing tático 2
830 0 _aManuales para el fortalecimiento de organizaciones sin fines de lucro
_v7-8
_954671
049 _aBNPHU
999 _c27079
_d27079